On Change Management (Record no. 181110)

MARC details
000 -LEADER
fixed length control field 00767nam a22002651i 4500
005 - DATE AND TIME OF LATEST TRANSACTION
control field 20210113162422.0
008 - FIXED-LENGTH DATA ELEMENTS--GENERAL INFORMATION
fixed length control field 210113t2011 mau |||g ||| 001 0 eng d
020 ## - INTERNATIONAL STANDARD BOOK NUMBER
International Standard Book Number 9781422158005
Qualifying information paperback
040 ## - CATALOGING SOURCE
Original cataloging agency PPAK
Language of cataloging eng
Transcribing agency PPAK
Description conventions rda
082 04 - DEWEY DECIMAL CLASSIFICATION NUMBER
Edition number 23
Classification number 658.406
090 00 - LOCALLY ASSIGNED LC-TYPE CALL NUMBER (OCLC); LOCAL CALL NUMBER (RLIN)
Classification number (OCLC) (R) ; Classification number, CALL (RLIN) (NR) 658.406
Feature heading ONC
Feature heading G
245 00 - TITLE STATEMENT
Title On Change Management
246 38 - VARYING FORM OF TITLE
Title proper/short title Change Management
264 #1 - PRODUCTION, PUBLICATION, DISTRIBUTION, MANUFACTURE, AND COPYRIGHT NOTICE
Place of production, publication, distribution, manufacture Boston, Massachusetts :
Name of producer, publisher, distributor, manufacturer HARVARD BUSINESS REVIEW PRESS ,
Date of production, publication, distribution, manufacture, or copyright notice 2011.
300 ## - PHYSICAL DESCRIPTION
Extent v, 210 pages ;
Dimensions 21 cm.
336 ## - CONTENT TYPE
Source rdacontent
Content type term text
337 ## - MEDIA TYPE
Source rdamedia
Media type term unmediated
338 ## - CARRIER TYPE
Source rdacarrier
Carrier type term volume
490 1# - SERIES STATEMENT
Series statement HBR's 10 MUST READS
500 ## - GENERAL NOTE
Linkage Includes index.
650 10 - SUBJECT ADDED ENTRY--TOPICAL TERM
Topical term or geographic name entry element Organizational change.
Topical term or geographic name entry element leadership.
830 #0 - SERIES ADDED ENTRY--UNIFORM TITLE
Uniform title HBR's 10 must reads
942 ## - ADDED ENTRY ELEMENTS (KOHA)
Source of classification or shelving scheme Dewey Decimal Classification
Koha item type Book
Holdings
Withdrawn Not for loan Current library Shelving location Date acquired Total Checkouts Full call number Barcode Date last seen Date last checked out Koha item type
    Perpustakaan Alor Setar Pinjaman Dewasa 02/02/2021 1 658.406 ONC A00741379 24/05/2023 07/05/2023 Book
    Perpustakaan Awam Sungai Petani Pinjaman Dewasa 02/02/2021 1 658.406 ONC A00741380 21/01/2023 06/12/2022 Book